000 00522nam a2200169 a 4500
001 000032864
005 20240229073831.0
008 110801s1985 dr a 000 0 spa d
040 _aDO-SdBNP
_bspa
_cBNPHU
082 _axxx
_bH557d, 1985
100 1 _aHernández, Ángela,
_d1954-
_92564
245 1 0 _aDesafío /
_cÁngela Hernádez.
250 _a2a ed.
260 _aSanto Domingo :
_bBúho,
_c1985.
300 _a[38 p.] :
_bil. ;
_c21 cm.
590 _aPerteneció a la biblioteca personal de Juan Isidro Jimenes Grullón
999 _c32355
_d32355